[Event "32.Schlosspark-Open"]
[Site "Wiesbaden-Biebrich"]
[Date "2023.08.26"]
[Round "4.51"]
[White "Kobs, Stephan"]
[Black "Drewes, Thomas"]
[Result "1/2-1/2"]
[WhiteElo "1877"]
[BlackElo "1641"]
[PlyCount "73"]
[EventDate "2023.??.??"]
[WhiteTeam "TSG 1846 Bretzenheim/ZMO"]
[BlackTeam "SV Würzburg von 1865 e.V."]

1. e4 d6 2. d4 Nf6 3. Nc3 e5 4. dxe5 dxe5 5. Qxd8+ Kxd8 6. Bc4 Ke8 7. Nf3 Bd6 8. O-O a6 9. a4 Nc6 10. h3 Nb4 11. Bb3 h6 12. Ne1 g5 13. Nd3 Nxd3 14. cxd3 c5 15. Nd5 Nxd5 16. Bxd5 Rb8 17. Be3 Ke7 18. Rfc1 b6 19. a5 Be6 20. Bxe6 Kxe6 21. axb6 Rxb6 22. Bxc5 Bxc5 23. Rxc5 Rd8 24. Rc3 f5 25. exf5+ Kxf5 26. Ra5 Rd4 27. Rcc5 Rxd3 28. Rxe5+ Kf6 29. Rf5+ Kg6 30. Rad5 Rxd5 31. Rxd5 Rxb2 32. Rd6+ Kg7 33. Rxa6 Rc2 34. f4 gxf4 35. Ra4 Kg6 36. Rxf4 Kg5 37. Ra4 1/2-1/2

[Event "32.Schlosspark-Open"]
[Site "Wiesbaden-Biebrich"]
[Date "2023.08.26"]
[Round "4.52"]
[White "Gärtner, Johannes"]
[Black "Müller, Riyanna"]
[Result "0-1"]
[WhiteElo "1532"]
[BlackElo "1760"]
[PlyCount "68"]
[EventDate "2023.??.??"]
[WhiteTeam "Sfr.Mainz 1928"]
[BlackTeam "SC Landskrone"]

1. d4 d5 2. c4 dxc4 3. e3 Nf6 4. Bxc4 e6 5. Nf3 a6 6. O-O b5 7. Be2 Bb7 8. a4 b4 9. b3 Nbd7 10. Bb2 c5 11. Nbd2 Be7 12. Nc4 O-O 13. Rc1 Rc8 14. Qd3 cxd4 15. exd4 Nd5 16. Nfe5 Nf4 17. Qd2 Bg5 18. Qd1 Bxg2 19. Re1 Nxe2+ 20. Qxe2 Nxe5 21. Qxe5 Bxc1 22. Bxc1 Bd5 23. Bh6 f6 24. Qg3 Rc7 25. Bf4 Rb7 26. Nd6 Rd7 27. Rc1 Kh8 28. h4 Qb6 29. Rd1 Rfd8 30. Rc1 h6 31. Bxh6 Qxd6 32. Qg6 gxh6 33. Qxh6+ Kg8 34. Qg6+ Rg7 0-1

[Event "32.Schlosspark-Open"]
[Site "Wiesbaden-Biebrich"]
[Date "2023.08.26"]
[Round "4.53"]
[White "John, Volkmar"]
[Black "Schmitt, Carsten"]
[Result "0-1"]
[WhiteElo "1641"]
[BlackElo "1874"]
[PlyCount "80"]
[EventDate "2023.??.??"]
[WhiteTeam "SK Herborn 1946"]
[BlackTeam "SV Bergwinkel"]

1. c4 e6 2. g3 d5 3. Bg2 d4 4. Nf3 c5 5. O-O Nc6 6. d3 Nf6 7. e3 e5 8. exd4 exd4 9. Re1+ Be7 10. Na3 O-O 11. Nc2 Re8 12. Bg5 Bf5 13. Qd2 a5 14. Ne5 Nxe5 15. Rxe5 Bg6 16. Bxb7 Rb8 17. Bc6 Nd7 18. Bxe7 Rxe7 19. Rxe7 Qxe7 20. Re1 Qd6 21. Bxd7 Qxd7 22. Na3 Qf5 23. Qxa5 h5 24. b3 h4 25. Qd2 Ra8 26. Nb5 h3 27. f4 Qxd3 28. Qxd3 Bxd3 29. a3 Bc2 30. Kf2 Bxb3 31. Rc1 Ra4 32. g4 Kf8 33. f5 Ke7 34. Re1+ Kd7 35. Re5 Rxc4 36. g5 Rc2+ 37. Kg3 d3 38. f6 gxf6 39. gxf6 d2 40. Re7+ Kc6 0-1

[Event "32.Schlosspark-Open"]
[Site "Wiesbaden-Biebrich"]
[Date "2023.08.26"]
[Round "4.54"]
[White "Emig, Nils"]
[Black "Sefeloge, Michael"]
[Result "1-0"]
[WhiteElo "1843"]
[BlackElo "1625"]
[PlyCount "89"]
[EventDate "2023.??.??"]
[WhiteTeam "SK Marburg 1931/72"]
[BlackTeam "SV Turm Lahnstein"]

1. e4 c5 2. Nc3 d6 3. Nf3 Nf6 4. d4 cxd4 5. Nxd4 a6 6. Be3 e6 7. f3 Be7 8. Qd2 Bd7 9. g4 Bc6 10. O-O-O Nfd7 11. Kb1 Qc7 12. h4 Ne5 13. h5 Nbd7 14. Be2 Nb6 15. Qe1 Nec4 16. Bc1 d5 17. exd5 Bxd5 18. Nxd5 Nxd5 19. Nf5 O-O 20. Bxc4 Qxc4 21. Rxd5 exf5 22. Rxf5 Bf6 23. h6 Rac8 24. Rh2 Rfe8 25. Qd1 Rcd8 26. Rd2 Rxd2 27. Qxd2 Re2 28. Qd1 Qe6 29. Rc5 gxh6 30. Bxh6 Re1 31. Rc8+ Qxc8 32. Qxe1 Bg7 33. Bxg7 Kxg7 34. Qe5+ Kg8 35. a4 Qd8 36. Qe4 Qd1+ 37. Ka2 Qd7 38. b3 b5 39. Qa8+ Kg7 40. Qxa6 bxa4 41. Qxa4 Qd1 42. Qe4 Qd6 43. Qd3 Qc7 44. Kb2 Qe5+ 45. Qc3 1-0

[Event "32.Schlosspark-Open"]
[Site "Wiesbaden-Biebrich"]
[Date "2023.08.26"]
[Round "4.55"]
[White "Schmid, Leon"]
[Black "Schneider, Jörg"]
[Result "1/2-1/2"]
[WhiteElo "1623"]
[BlackElo "2025"]
[PlyCount "117"]
[EventDate "2023.??.??"]
[WhiteTeam "Sfr.Heidesheim"]
[BlackTeam "Sfr.Mainz 1928"]

1. e4 c5 2. Nf3 d6 3. g3 Nc6 4. Bg2 Bd7 5. O-O g6 6. d3 Bg7 7. c3 e5 8. a4 Nge7 9. Be3 O-O 10. d4 b6 11. dxe5 dxe5 12. Nfd2 Be6 13. Na3 Qd7 14. Qc2 Rad8 15. Rad1 Qd3 16. Qxd3 Rxd3 17. Ndc4 Rfd8 18. Rd2 Rxd2 19. Nxd2 Na5 20. Bf3 Nec6 21. Rd1 f6 22. Be2 Bf8 23. Kf1 Kg7 24. Ke1 Be7 25. Ndc4 Rxd1+ 26. Kxd1 g5 27. g4 Kf7 28. f3 Ke8 29. Kc2 Kd7 30. b3 Bd8 31. Kb2 Bc7 32. Kc2 Kc8 33. Kb2 Bf7 34. Kc2 Kd7 35. Kb2 Bd8 36. Kc2 Be7 37. Kb2 Kc8 38. Kc2 Kb7 39. Kb2 h5 40. h3 h4 41. Kc2 a6 42. Nxa5+ Nxa5 43. Nc4 Nc6 44. Na3 Nd8 45. Bc4 Bxc4 46. Nxc4 b5 47. Nb2 Nc6 48. axb5 axb5 49. Kd1 Na5 50. Kc2 c4 51. b4 Nc6 52. Bd2 Bd8 53. Kd1 Bb6 54. Ke2 Nd8 55. Kf1 Ne6 56. Nd1 Kc6 57. Bc1 Nc7 58. Ne3 Bxe3 59. Bxe3 1/2-1/2

[Event "32.Schlosspark-Open"]
[Site "Wiesbaden-Biebrich"]
[Date "2023.08.26"]
[Round "4.56"]
[White "Kalina, Lena"]
[Black "Dohmes, Swidbert"]
[Result "1-0"]
[WhiteElo "1750"]
[BlackElo "1733"]
[PlyCount "91"]
[EventDate "2023.??.??"]
[WhiteTeam "SC Landskrone"]
[BlackTeam "SV 1920 Hofheim"]

1. d4 d5 2. c4 dxc4 3. e3 e5 4. Bxc4 exd4 5. Qxd4 Qxd4 6. exd4 Bd6 7. Nf3 Nf6 8. O-O O-O 9. Nc3 Nc6 10. Bg5 Bg4 11. d5 Ne5 12. Nxe5 Bxe5 13. Rfe1 Nd7 14. h3 Bf5 15. g4 Bg6 16. Bb5 Bxc3 17. bxc3 Nb6 18. Rad1 a6 19. Bf1 Rfe8 20. Be3 Nd7 21. Bf4 Rxe1 22. Rxe1 Nf6 23. Bg2 Re8 24. Rd1 Rc8 25. c4 Be4 26. Bxe4 Nxe4 27. Re1 Nf6 28. g5 Ne8 29. c5 f6 30. h4 Kf7 31. Kg2 Rd8 32. Rd1 Rd7 33. Kf3 g6 34. Ke4 Re7+ 35. Kd3 Rd7 36. Kc4 Ng7 37. Rb1 c6 38. d6 Nf5 39. gxf6 Kxf6 40. Bg5+ Kf7 41. Rb3 h6 42. Bd2 Nxh4 43. Bxh6 Nf5 44. Bd2 Ne7 45. Rf3+ Kg8 46. dxe7 1-0

[Event "32.Schlosspark-Open"]
[Site "Wiesbaden-Biebrich"]
[Date "2023.08.26"]
[Round "4.57"]
[White "Trenz, Finn"]
[Black "Faßler, Felix"]
[Result "1-0"]
[WhiteElo "1837"]
[BlackElo "1596"]
[PlyCount "65"]
[EventDate "2023.??.??"]
[WhiteTeam "SV Multatuli Ingelheim e.V."]
[BlackTeam "SC Fulda"]

1. e4 c6 2. d4 d5 3. exd5 cxd5 4. Bd3 Nc6 5. c3 Nf6 6. Bf4 Bg4 7. Qb3 Qd7 8. Nd2 e6 9. Ngf3 Bd6 10. Bxd6 Qxd6 11. O-O O-O 12. Rae1 Bxf3 13. Nxf3 Qc7 14. Qc2 g6 15. Qd2 Kg7 16. Ne5 Nxe5 17. dxe5 Nd7 18. f4 h5 19. Rf3 Rab8 20. Rg3 b5 21. f5 exf5 22. e6 Qb6+ 23. Kh1 fxe6 24. Qg5 Rf6 25. Qxh5 Qf2 26. Qd1 Qxb2 27. Rge3 Nc5 28. R1e2 Qa3 29. Bb1 Ne4 30. Qd4 Qe7 31. g4 Kf8 32. g5 Rf7 33. Qh8# 1-0

[Event "32.Schlosspark-Open"]
[Site "Wiesbaden-Biebrich"]
[Date "2023.08.26"]
[Round "4.58"]
[White "Busch, Malte"]
[Black "Richter, Johanna"]
[Result "1/2-1/2"]
[WhiteElo "1825"]
[BlackElo "1546"]
[PlyCount "40"]
[EventDate "2023.??.??"]
[WhiteTeam "SC 1979 Hattersheim"]
[BlackTeam "Sfr.Heidesheim"]

1. Nc3 c5 2. e4 Nc6 3. f4 g6 4. Nf3 Bg7 5. Bb5 Nd4 6. Bc4 e6 7. O-O Ne7 8. Nxd4 cxd4 9. Ne2 O-O 10. Bd3 d5 11. Ng3 Rb8 12. Qe1 Nc6 13. a3 a5 14. b3 b5 15. Bb2 dxe4 16. Qxe4 Bb7 17. Qe2 b4 18. a4 Ne7 19. Rab1 Rc8 20. Qg4 Qd5 1/2-1/2

[Event "32.Schlosspark-Open"]
[Site "Wiesbaden-Biebrich"]
[Date "2023.08.26"]
[Round "4.59"]
[White "Hipler, Andreas"]
[Black "Hübner, Kai"]
[Result "1-0"]
[WhiteElo "1770"]
[BlackElo "1591"]
[PlyCount "81"]
[EventDate "2023.??.??"]
[WhiteTeam "SK Gau-Algesheim"]
[BlackTeam "SC Flörsheim 1921"]

1. d4 Nf6 2. Nf3 d5 3. g3 Bf5 4. Bg2 e6 5. O-O Be7 6. c4 c6 7. Nc3 Nbd7 8. Qb3 Qb6 9. c5 Qc7 10. Bf4 Qc8 11. Nh4 Bg6 12. Nxg6 hxg6 13. e4 Nxe4 14. Bxe4 dxe4 15. Nxe4 Nf6 16. Nd6+ Bxd6 17. Bxd6 Ne4 18. Bf4 e5 19. dxe5 Qh3 20. g4 Qxg4+ 21. Bg3 Ng5 22. f4 Nh3+ 23. Kh1 Qf5 24. Rae1 O-O-O 25. e6 Rd3 26. Qc4 fxe6 27. Re5 Nf2+ 28. Rxf2 Rd1+ 29. Rf1 Qd3 30. Qxd3 Rxd3 31. Kg2 Kd7 32. Rfe1 Re8 33. Kf2 b6 34. cxb6 axb6 35. Rg5 Rd5 36. Rxg6 Re7 37. Ke2 Rh5 38. Kf3 Rf5 39. Re4 Rf6 40. Rg4 c5 41. Bh4 1-0

[Event "32.Schlosspark-Open"]
[Site "Wiesbaden-Biebrich"]
[Date "2023.08.26"]
[Round "4.60"]
[White "Donecker, Stefan"]
[Black "Flackus, Stefan"]
[Result "1/2-1/2"]
[WhiteElo "1695"]
[BlackElo "1832"]
[PlyCount "46"]
[EventDate "2023.??.??"]
[WhiteTeam "SAbt TuS Dotzheim"]
[BlackTeam "Vorw.Orient Mainz"]

1. Nc3 d5 2. d4 Bf5 3. Bf4 e6 4. f3 Bb4 5. g4 Bg6 6. e3 h5 7. Bd3 Ne7 8. Nge2 a6 9. a3 Bxc3+ 10. Nxc3 Bxd3 11. cxd3 Ng6 12. Bg3 Nc6 13. O-O Qg5 14. f4 Qxg4 15. Qxg4 hxg4 16. f5 Nge7 17. fxe6 fxe6 18. Rf4 O-O-O 19. Rxg4 Nf5 20. Bf4 Rh3 21. Rc1 Rdh8 22. Na4 R8h7 23. Nc5 Nxe3 1/2-1/2

[Event "32.Schlosspark-Open"]
[Site "Wiesbaden-Biebrich"]
[Date "2023.08.26"]
[Round "4.61"]
[White "Stegner, Marco"]
[Black "Jansen, Malte"]
[Result "0-1"]
[WhiteElo "1824"]
[BlackElo "1534"]
[PlyCount "56"]
[EventDate "2023.??.??"]
[WhiteTeam "SC Landskrone"]
[BlackTeam "SJ Herborn 1998"]

1. d4 d5 2. Bf4 Bf5 3. e3 e6 4. Nf3 Bd6 5. Ne5 f6 6. Nd3 Ne7 7. Nd2 O-O 8. h4 Bxd3 9. Bxd6 Bxf1 10. Bxe7 Qxe7 11. Rxf1 Nc6 12. f4 e5 13. Qf3 Nb4 14. O-O-O e4 15. Qh3 Nxa2+ 16. Kb1 Nb4 17. h5 Qd6 18. f5 h6 19. Nb3 b6 20. Rf4 a5 21. Rg4 Rf7 22. Rg3 a4 23. Nc1 a3 24. bxa3 Rxa3 25. Rd2 Qc6 26. Qg4 Qc3 27. Nb3 Ra2 28. Qg6 Qb2# 0-1

[Event "32.Schlosspark-Open"]
[Site "Wiesbaden-Biebrich"]
[Date "2023.08.26"]
[Round "4.62"]
[White "Alt, Johannes"]
[Black "Schramm, Luca"]
[Result "1/2-1/2"]
[WhiteElo "1522"]
[BlackElo "1688"]
[PlyCount "65"]
[EventDate "2023.??.??"]
[WhiteTeam "Sfr.Heidesheim"]
[BlackTeam "SC Einrich e.V."]

1. d4 Nf6 2. Nf3 g6 3. Bf4 Bg7 4. e3 O-O 5. c4 d6 6. Nc3 Nbd7 7. Be2 c6 8. Bg3 Qa5 9. O-O e5 10. a3 Re8 11. b4 Qb6 12. c5 dxc5 13. dxc5 Qc7 14. Ng5 b6 15. Qb3 Nf8 16. Bc4 Ne6 17. cxb6 axb6 18. Nxe6 Bxe6 19. Bxe6 Rxe6 20. Rfd1 Qb7 21. Rd2 Rae8 22. Rad1 R6e7 23. Bh4 Rd7 24. Bxf6 Rxd2 25. Rxd2 Bxf6 26. Ne4 Bg7 27. Nd6 Qd7 28. Qa2 Re6 29. Nf5 Qc7 30. Nxg7 Kxg7 31. Qc4 Rd6 32. Rxd6 Qxd6 33. Qc2 1/2-1/2

[Event "32.Schlosspark-Open"]
[Site "Wiesbaden-Biebrich"]
[Date "2023.08.26"]
[Round "4.63"]
[White "Boscher, Hans"]
[Black "Ivkin, Michael"]
[Result "1-0"]
[WhiteElo "1634"]
[BlackElo "1818"]
[PlyCount "67"]
[EventDate "2023.??.??"]
[WhiteTeam "SC Bad Soden"]
[BlackTeam "Hamburg"]

1. e4 d6 2. Nc3 Nf6 3. Bc4 c5 4. d3 Nc6 5. Nge2 a6 6. a4 g6 7. O-O Bg7 8. f4 Be6 9. Bxe6 fxe6 10. Ng3 Qd7 11. Be3 h5 12. Qf3 O-O-O 13. h3 Rdf8 14. Qd1 Nh7 15. Rb1 Bd4 16. Bxd4 cxd4 17. Nce2 h4 18. Nh1 e5 19. c3 e6 20. cxd4 exd4 21. b4 b5 22. axb5 axb5 23. Qb3 e5 24. Qd5 Kd8 25. Qxb5 Ke7 26. Qd5 Nf6 27. Qb3 Rhg8 28. b5 Na5 29. Qb4 Nxe4 30. dxe4 d3 31. Nc3 Nb7 32. fxe5 Rxf1+ 33. Rxf1 Rf8 34. Nd5+ 1-0

[Event "32.Schlosspark-Open"]
[Site "Wiesbaden-Biebrich"]
[Date "2023.08.26"]
[Round "4.64"]
[White "Neininger, Sarah"]
[Black "Zeyen, Helmut"]
[Result "1/2-1/2"]
[WhiteElo "1494"]
[BlackElo "1799"]
[PlyCount "48"]
[EventDate "2023.??.??"]
[WhiteTeam "VSG 1880 Offenbach"]
[BlackTeam "Wiesbadener SV 1885"]

1. e4 d5 2. exd5 Nf6 3. d4 Nxd5 4. c4 Nb6 5. Nf3 Bg4 6. c5 Bxf3 7. Qxf3 Nd5 8. Bc4 c6 9. Nc3 e6 10. O-O Qf6 11. Qe4 Be7 12. f4 g6 13. Kh1 h5 14. Bxd5 cxd5 15. Qe5 Na6 16. Nb5 O-O 17. Nd6 Nb4 18. Rd1 Nc6 19. Qxf6 Bxf6 20. Be3 Be7 21. Nb5 Nb4 22. Bf2 a6 23. Nc3 Bd8 24. a3 Nc6 1/2-1/2

[Event "32.Schlosspark-Open"]
[Site "Wiesbaden-Biebrich"]
[Date "2023.08.26"]
[Round "4.65"]
[White "Bolduan, Michael"]
[Black "Herrmann, Gerhard"]
[Result "1-0"]
[WhiteElo "1797"]
[BlackElo "1477"]
[PlyCount "69"]
[EventDate "2023.??.??"]
[WhiteTeam "Sfr Stiller Zug Wiesbaden"]
[BlackTeam "SC Königsspringer Alzenau e.V"]

1. e4 d5 2. exd5 Nf6 3. d4 Nxd5 4. c4 Nb4 5. a3 N4c6 6. Be3 e6 7. Nc3 g6 8. Nf3 Bg7 9. Be2 O-O 10. Qd2 Nd7 11. Rd1 Ne7 12. Bh6 Nf5 13. Bxg7 Kxg7 14. O-O f6 15. Qc2 Qe7 16. Rfe1 c5 17. dxc5 Nxc5 18. b4 Nd7 19. c5 a5 20. Bb5 axb4 21. axb4 Nb8 22. Nd5 Qf7 23. Nb6 Ra7 24. Bc4 Nc6 25. Qb3 Ne5 26. Nxe5 fxe5 27. Nxc8 Nd4 28. Qg3 Rxc8 29. Qxe5+ Kh6 30. Rxd4 g5 31. Qxe6+ Qxe6 32. Rxe6+ Kh5 33. Be2+ g4 34. Rd5+ Kh4 35. Rh6# 1-0

[Event "32.Schlosspark-Open"]
[Site "Wiesbaden-Biebrich"]
[Date "2023.08.26"]
[Round "4.66"]
[White "Strache, Rolf"]
[Black "Hoffmann, Christian"]
[Result "0-1"]
[WhiteElo "1575"]
[BlackElo "1797"]
[PlyCount "82"]
[EventDate "2023.??.??"]
[WhiteTeam "SK Herborn 1946"]
[BlackTeam "SAbt BKA Wiesbaden"]

1. d4 f5 2. c4 Nf6 3. Nf3 e6 4. Nc3 d5 5. Bg5 c6 6. cxd5 exd5 7. e3 Bd6 8. Bd3 O-O 9. O-O Qc7 10. h3 Ne4 11. Rc1 Qf7 12. Ne5 Bxe5 13. dxe5 Nxg5 14. f4 Ne4 15. Ne2 Be6 16. Qe1 a5 17. a3 Nd7 18. b4 axb4 19. Qxb4 c5 20. Qb2 Ra7 21. Bb5 Rfa8 22. a4 Nb6 23. Nc3 Nxc3 24. Qxc3 c4 25. Qb4 Qf8 26. Qe1 Bd7 27. Bxd7 Nxd7 28. Qd2 Qc5 29. Rf3 Rxa4 30. Qc2 g6 31. h4 Ra3 32. Qf2 Ra1 33. Rxa1 Rxa1+ 34. Kh2 c3 35. Qc2 Qc4 36. h5 Ra2 37. Qb1 c2 38. Qxb7 c1=Q 39. Qxd7 Rxg2+ 40. Kxg2 Q4c2+ 41. Kg3 Qg1+ 0-1

[Event "32.Schlosspark-Open"]
[Site "Wiesbaden-Biebrich"]
[Date "2023.08.26"]
[Round "4.67"]
[White "Vick, Edward"]
[Black "Meaubert, Thomas"]
[Result "1/2-1/2"]
[WhiteElo "1341"]
[BlackElo "1788"]
[PlyCount "51"]
[EventDate "2023.??.??"]
[WhiteTeam "TuS Makkabi Wiesbaden"]
[BlackTeam "SC Flörsheim 1921"]

1. e4 e6 2. d4 d5 3. e5 c5 4. c3 Nc6 5. Nf3 Bd7 6. Be2 Nge7 7. dxc5 Ng6 8. b4 Ncxe5 9. Nxe5 Nxe5 10. Bf4 Ng6 11. Bg3 Be7 12. c4 Bf6 13. Nd2 Bxa1 14. Qxa1 O-O 15. Bd6 Re8 16. O-O Qf6 17. Qc1 a6 18. Nf3 dxc4 19. Qxc4 e5 20. Nd2 Nf4 21. Bf3 Bb5 22. Qe4 Bxf1 23. Kxf1 b6 24. Nc4 Ng6 25. Nxb6 Rad8 26. Nd5 1/2-1/2

[Event "32.Schlosspark-Open"]
[Site "Wiesbaden-Biebrich"]
[Date "2023.08.26"]
[Round "4.68"]
[White "Rabiya, Karim"]
[Black "Maibaum, Harry"]
[Result "1-0"]
[WhiteElo "1758"]
[BlackElo "1496"]
[PlyCount "39"]
[EventDate "2023.??.??"]
[WhiteTeam "SK Niederbrechen 1948"]
[BlackTeam "Sfr.Heimersheim"]

1. e4 c5 2. Nf3 Nc6 3. Bb5 Nd4 4. Nxd4 cxd4 5. O-O e5 6. d3 Nf6 7. f4 Bd6 8. Nd2 O-O 9. Nf3 Re8 10. f5 h6 11. Bc4 Bf8 12. c3 dxc3 13. Qb3 d5 14. exd5 Bd6 15. bxc3 a6 16. a4 Rb8 17. d4 Bxf5 18. dxe5 Bxe5 19. Nxe5 Rxe5 20. Bf4 1-0

[Event "32.Schlosspark-Open"]
[Site "Wiesbaden-Biebrich"]
[Date "2023.08.26"]
[Round "4.69"]
[White "Traut, Stefan"]
[Black "Meding, Olaf"]
[Result "1/2-1/2"]
[WhiteElo "1543"]
[BlackElo "1770"]
[PlyCount "49"]
[EventDate "2023.??.??"]
[WhiteTeam "SF Heusenstamm"]
[BlackTeam "Sfr.Mainz 1928"]

1. d4 d5 2. Nf3 Nf6 3. c4 c6 4. cxd5 cxd5 5. Nc3 e6 6. Bf4 a6 7. e3 Be7 8. Bd3 Nc6 9. a3 Nh5 10. Bg3 Bd7 11. b4 b5 12. O-O Nxg3 13. hxg3 O-O 14. Rc1 Qb6 15. Qb3 Rfc8 16. Rfd1 g6 17. e4 dxe4 18. Bxe4 Ra7 19. d5 Nd8 20. dxe6 Bxe6 21. Nd5 Qb8 22. Nxe7+ Rxe7 23. Bd5 Rec7 24. Rxc7 Rxc7 25. Bxe6 1/2-1/2

[Event "32.Schlosspark-Open"]
[Site "Wiesbaden-Biebrich"]
[Date "2023.08.26"]
[Round "4.70"]
[White "Will, Elina"]
[Black "Burkhardt, Jan"]
[Result "0-1"]
[WhiteElo "1295"]
[BlackElo "1685"]
[PlyCount "48"]
[EventDate "2023.??.??"]
[WhiteTeam "TuS Makkabi Wiesbaden"]
[BlackTeam "Sfr.Mainz 1928"]

1. e4 e5 2. Nf3 Nc6 3. d4 exd4 4. Nxd4 Bc5 5. Be3 Qf6 6. c3 Nge7 7. Bc4 Ne5 8. Bb3 d6 9. O-O O-O 10. f3 Be6 11. Bf2 Qg6 12. Bxe6 fxe6 13. Qb3 Bxd4 14. cxd4 Nxf3+ 15. Kh1 Nxd4 16. Qd3 Nec6 17. Nc3 e5 18. Nd5 Rf7 19. Bg1 Raf8 20. Rfe1 Ne6 21. Qe3 Nf4 22. Nxf4 exf4 23. Qb3 Ne5 24. Bf2 f3 0-1

[Event "32.Schlosspark-Open"]
[Site "Wiesbaden-Biebrich"]
[Date "2023.08.26"]
[Round "4.71"]
[White "Shanawaz Thabrez, Shahzaib"]
[Black "Gerhard, Dominik"]
[Result "1/2-1/2"]
[WhiteElo "1312"]
[BlackElo "1628"]
[PlyCount "71"]
[EventDate "2023.??.??"]
[WhiteTeam "SK Langen"]
[BlackTeam "SV Oberursel"]

1. e4 d5 2. exd5 Qxd5 3. Nf3 Bg4 4. Be2 Nc6 5. Nc3 Qd7 6. d3 O-O-O 7. Be3 e5 8. h3 Bxf3 9. Bxf3 Kb8 10. Qd2 f5 11. Bg5 Nf6 12. O-O-O Bb4 13. Qe2 Bxc3 14. bxc3 Rhe8 15. Kb2 Qd6 16. g3 h6 17. Bxf6 Qxf6 18. Rb1 Rd6 19. h4 Na5 20. Bg2 Rde6 21. Ka1 e4 22. d4 Rb6 23. Rxb6 axb6 24. Re1 Qc6 25. Qe3 Nc4 26. Qe2 Nd6 27. Qd2 Rd8 28. Bf1 Nc4 29. Qe2 b5 30. Rb1 Qa6 31. Qd1 Qa5 32. Rb3 Rd6 33. Bxc4 bxc4 34. Rb4 Qd5 35. Qh5 Qe6 36. Qe2 1/2-1/2

[Event "32.Schlosspark-Open"]
[Site "Wiesbaden-Biebrich"]
[Date "2023.08.26"]
[Round "4.72"]
[White "Leitzig, Reamonn Franky James"]
[Black "Fang, Borui"]
[Result "1-0"]
[WhiteElo "1468"]
[BlackElo "1415"]
[PlyCount "101"]
[EventDate "2023.??.??"]
[WhiteTeam "SV 1934 Ffm-Griesheim"]
[BlackTeam "SV Oberursel"]

1. d4 e6 2. e4 d5 3. Nd2 Nc6 4. Ngf3 Nge7 5. c3 g6 6. e5 Bg7 7. Be2 b6 8. Nf1 a5 9. Bb5 Ba6 10. Bxa6 Rxa6 11. h4 h5 12. Bg5 Qd7 13. Ng3 Ra8 14. O-O O-O 15. Qd2 Kh7 16. Qd3 Nf5 17. a4 Nxg3 18. fxg3 Ne7 19. g4 hxg4 20. Nh2 g3 21. Qxg3 Nf5 22. Qh3 Rh8 23. Ng4 Kg8 24. Nf6+ Bxf6 25. Bxf6 Rh7 26. Rf4 Kf8 27. Rg4 Nh6 28. Rg5 Ng8 29. h5 Nxf6 30. exf6 Qd6 31. Qg4 Rxh5 32. Rxh5 gxh5 33. Qg7+ Ke8 34. Qh8+ Qf8 35. Qxh5 Kd7 36. g4 c5 37. g5 cxd4 38. cxd4 Rc8 39. g6 fxg6 40. Qh7+ Kd6 41. Qh2+ Kd7 42. Qh7+ Kd6 43. Rf1 Qg8 44. Qh2+ Kd7 45. Qe2 Rf8 46. Qb5+ Kc7 47. Rc1+ Kb7 48. Rc6 Rf7 49. Qxb6+ Ka8 50. Qa6+ Kb8 51. Rb6+ 1-0

[Event "32.Schlosspark-Open"]
[Site "Wiesbaden-Biebrich"]
[Date "2023.08.26"]
[Round "4.73"]
[White "Henzelmann, Matthias"]
[Black "Kähm, Kevin"]
[Result "0-1"]
[WhiteElo "1443"]
[BlackElo "1682"]
[PlyCount "170"]
[EventDate "2023.??.??"]
[WhiteTeam "SC Heuchelheim"]
[BlackTeam "SK 1959 Bischofsheim"]

1. d4 d5 2. c4 e6 3. Nc3 Nf6 4. Nf3 b6 5. e3 Bb7 6. a3 Be7 7. Be2 O-O 8. O-O Nbd7 9. b4 a5 10. b5 Rc8 11. Bd2 dxc4 12. Bxc4 c5 13. bxc6 Bxc6 14. Bb5 Ne4 15. Bxc6 Nxc3 16. Bxc3 Rxc6 17. Bd2 Qc7 18. Qb3 Rc8 19. g3 Rc2 20. Rfc1 Qc4 21. Qxc4 R8xc4 22. Rxc2 Rxc2 23. Kf1 g5 24. h3 Nf6 25. Rc1 Ra2 26. Rc6 Ne4 27. Ke2 Bxa3 28. Kd3 Nxf2+ 29. Ke2 Ne4 30. Kd3 Nxd2 31. Nxd2 Bb4 32. Nf3 Rg2 33. g4 Rg3 34. Nxg5 h6 35. Ne4 Rxh3 36. Rxb6 Kg7 37. Rb5 Rh4 38. Nf2 Be1 39. Ke2 Bxf2 40. Kxf2 Rh2+ 41. Kf3 Ra2 42. e4 a4 43. Ra5 a3 44. Kf4 Ra1 45. Ke5 a2 46. Kd6 Re1 47. Rxa2 Rxe4 48. Rg2 Rxd4+ 49. Ke5 Rd5+ 50. Ke4 Kg6 51. Kf4 f6 52. Ke4 Ra5 53. Kf4 Ra4+ 54. Ke3 Kg5 55. Kf3 e5 56. Rg1 Ra3+ 57. Ke4 Rb3 58. Rg2 Rb4+ 59. Kf3 Rf4+ 60. Ke3 Rxg4 61. Rh2 h5 62. Kf3 e4+ 63. Ke3 f5 64. Ke2 f4 65. Kf2 h4 66. Ke2 f3+ 67. Ke3 Rg2 68. Rxg2+ fxg2 69. Kf2 h3 70. Kg3 e3 71. Kxh3 e2 72. Kxg2 e1=Q 73. Kf3 Qc3+ 74. Ke4 Qc4+ 75. Ke5 Qe2+ 76. Kd4 Kf5 77. Kd5 Qd2+ 78. Kc5 Ke6 79. Kc4 Ke5 80. Kc5 Qc2+ 81. Kb5 Kd6 82. Kb4 Kd5 83. Kb5 Qb2+ 84. Ka6 Kc6 85. Ka7 Qb7# 0-1

[Event "32.Schlosspark-Open"]
[Site "Wiesbaden-Biebrich"]
[Date "2023.08.26"]
[Round "4.74"]
[White "Papadopoulos, Kyriakos"]
[Black "Brauch, Manfred"]
[Result "1/2-1/2"]
[WhiteElo "1411"]
[BlackElo "1750"]
[PlyCount "84"]
[EventDate "2023.??.??"]
[WhiteTeam "VSG 1880 Offenbach"]
[BlackTeam "SG Pieroth/Burg Layen"]

1. e4 d6 2. d4 Nf6 3. Nc3 Nbd7 4. f4 e5 5. fxe5 dxe5 6. dxe5 Nxe5 7. Qxd8+ Kxd8 8. Bf4 Ng6 9. Bg3 c6 10. O-O-O+ Bd7 11. Be2 Bb4 12. Bf3 Bxc3 13. bxc3 Re8 14. Nh3 Re7 15. Rhe1 Ne5 16. Bxe5 Rxe5 17. Nf2 Kc7 18. h3 Be6 19. a3 Bc4 20. Ng4 Nxg4 21. Bxg4 Be6 22. Bf3 Rd8 23. Rd4 c5 24. Rd3 Bc4 25. Rxd8 Kxd8 26. Rd1+ Kc7 27. Kb2 b6 28. Rd2 Re6 29. Rf2 f6 30. Rd2 Rd6 31. Rf2 Kd8 32. Bg4 Ke7 33. Bf3 b5 34. g4 Be6 35. Be2 Rb6 36. Rf1 Bc4 37. Bxc4 bxc4+ 38. Kc1 Ke6 39. Rf5 g6 40. Rxc5 Kd6 41. Rxc4 h5 42. Rb4 Rc6 1/2-1/2

[Event "32.Schlosspark-Open"]
[Site "Wiesbaden-Biebrich"]
[Date "2023.08.26"]
[Round "4.76"]
[White "Moissl, Felix"]
[Black "Bartsch, Marius"]
[Result "1/2-1/2"]
[WhiteElo "1347"]
[BlackElo "1591"]
[PlyCount "27"]
[EventDate "2023.??.??"]
[WhiteTeam "SJ Herborn 1998"]
[BlackTeam "Wiesbadener SV 1885"]

1. e4 d6 2. d4 Nf6 3. Nc3 g6 4. Nf3 Bg7 5. Bc4 Nxe4 6. Bxf7+ Kxf7 7. Nxe4 Rf8 8. O-O Kg8 9. h3 Nc6 10. c3 Bf5 11. Ng3 Qd7 12. Nxf5 Rxf5 13. Be3 Raf8 14. Kh2 1/2-1/2

[Event "32.Schlosspark-Open"]
[Site "Wiesbaden-Biebrich"]
[Date "2023.08.26"]
[Round "4.77"]
[White "Rotärmel, Leonie"]
[Black "Goodwin, David"]
[Result "1/2-1/2"]
[WhiteElo "1489"]
[BlackElo "1467"]
[PlyCount "32"]
[EventDate "2023.??.??"]
[WhiteTeam "SK Bad Homburg 1927"]
[BlackTeam "SV 1920 Kelsterbach"]

1. e4 g6 2. d4 Bg7 3. Nf3 d6 4. h3 c5 5. dxc5 Qa5+ 6. c3 Qxc5 7. Be3 Qc7 8. Nbd2 a6 9. Nc4 Nd7 10. Bd4 Bxd4 11. Qxd4 Ngf6 12. e5 dxe5 13. Ncxe5 O-O 14. Bc4 Nxe5 15. Nxe5 Be6 16. Bxe6 fxe6 1/2-1/2

[Event "32.Schlosspark-Open"]
[Site "Wiesbaden-Biebrich"]
[Date "2023.08.26"]
[Round "4.78"]
[White "Reiß, Peter"]
[Black "Joshi, Kanad"]
[Result "1/2-1/2"]
[WhiteElo "1594"]
[BlackElo "1370"]
[PlyCount "80"]
[EventDate "2023.??.??"]
[WhiteTeam "SV Multatuli Ingelheim e.V."]
[BlackTeam "SV Oberursel"]

1. d4 d5 2. c4 e6 3. Nc3 Nf6 4. Bg5 Be7 5. e3 b6 6. Rc1 Bb7 7. Nf3 Nbd7 8. Bd3 O-O 9. O-O c5 10. b3 h6 11. Bh4 a6 12. h3 Re8 13. cxd5 Nxd5 14. Bxe7 Qxe7 15. Nxd5 exd5 16. dxc5 bxc5 17. Be2 d4 18. Qd2 dxe3 19. fxe3 Qxe3+ 20. Qxe3 Rxe3 21. Kf2 Rae8 22. Rc2 f5 23. Rd1 Nf6 24. Bc4+ Kh8 25. Nh4 R3e4 26. Nf3 R4e7 27. Nh4 Re4 28. Nf3 Rf4 29. Bf7 Re7 30. Rd8+ Kh7 31. Bc4 Rd7 32. Rxd7 Nxd7 33. Be6 Nf6 34. Kg3 g5 35. Kh2 Ne4 36. Ne5 Rf1 37. Nd3 g4 38. hxg4 f4 39. Bf5+ Kg7 40. Bxe4 Bxe4 1/2-1/2